00415nam a22001457a 4500003000400000008004100004020001800045082001500063100001800078245007100096260003300167300001600200650002900216700002400245OSt250213b |||||||| |||| 00| 0 eng d a9789391818203 a294.5bMAI aMAHADEVAN, B  aIntroduction to Indian Knowledge System: Concepts and Applications aDelhi,bPHI Learning:c2025. axxvii,417p. aIndian Knowledge System  aVinayak Rajat Bhat